Festivales sinfónicos íbero-americanos, organizados por la Excma. Diputación Provincial de Barcelona : octubre 1929 octubre 1929
Descripción Física:
[86] p. : il. ; 22 cm
MARC
| LEADER | 00000nam a2200000Ia 4500 | ||
|---|---|---|---|
| 001 | 8195 | ||
| 008 | 160829s9999 xx 000 0 cat d | ||
| 080 | |a B-1-366 | ||
| 245 | |a Festivales sinfónicos íbero-americanos, organizados por la Excma. Diputación Provincial de Barcelona : |b octubre 1929 | ||
| 260 | |a Barcelona : |b Diputació, [1929?] | ||
| 300 | |a [86] p. : |b il. ; |c 22 cm | ||
| 590 | |a Abans del títol, Exposición Internacional de Barcelona. | ||
| 650 | 0 | |a Festivals de música |z Barcelona (Catalunya) |9 35113 | |
| 710 | 1 | |a Barcelona (Catalunya : Província). |b Diputació |9 52408 | |
| 711 | 2 | |a Exposició Internacional de Barcelona |d (1929-1930 : |c Barcelona, Catalunya) |9 55060 | |
| 901 | |a Arxiu | ||
| 942 | |n 1 | ||
| 952 | |0 0 |1 0 |4 0 |6 B1366 |7 1 |9 46769 |a Arxiu |b Arxiu |d 2016-12-01 |l 0 |o B-1-366 |p 8195 |r 2016-12-01 00:00:00 |w 2016-12-01 |y ARXIU | ||
| 999 | |c 50562 |d 50562 | ||